| 000 | 00458nam a2200157Ia 4500 | ||
|---|---|---|---|
| 008 | 220204s9999 xx 000 0 und d | ||
| 082 |
_a678.4:678.061 _bBLA.2 |
||
| 100 | _aBlackley, D C | ||
| 245 | 0 | _aHigh polymer latices: Their science and technology. V 2. Testing and applications | |
| 260 |
_aLondon _bApplied Science _c1966 |
||
| 650 | _aLatex adhesives | ||
| 650 | _aLatex dipping | ||
| 650 | _aLatex foam | ||
| 650 | _aLatex moulding | ||
| 942 | _cBK | ||
| 999 |
_c22686 _d22686 |
||